00820nam a2200277 a 450000100060000000300080000600500170001400800410003102000180007202000140009003500190010404000270012304100080015008200240015810000400018224500860022225000120030826000700032030000340039050000190042465000130044365000090045665000190046570000330048470000250051754946BD-RjUL20211209080207.0161113s2009 ii 000 0 eng d a9780070992856 a007992851 a(BD-RjUL)55068 aDLCcCLEdBD-RjULbeng aeng 223a637.1bECM 20091 aEckles, Clarence Henry,d1875-1933.10aMilk and milk products /cClarence Henry Eckles, Willes Barnes Combs, Harold Macy a4th ed. aNew York :bMcGraw-Hill book company, inc,cc1957 [ Reprint 2009] axiii, 453 p. :bill. ;c23 cm aIncludes Index 0aDairying 0aMilk 0aDairy products1 aCombs, Willes Barnes,d1892-1 aMacy, Harold,d1895-